Every 2025 F1 team’s reserve drivers - Statistics

General Stats
  • This quiz has been taken 79 times
    36 since last reset
  • The average score is 13 of 20
Answer Stats
Team Nationality Answer % Correct
Mclaren Finnish Valtteri Bottas
100%
Mercedes Finnish Valtteri Bottas
100%
Williams Finnish Valtteri Bottas
100%
Ferrari Chinese Zhou Guanyu
100%
Alpine Australian Jack Doohan
94%
Mclaren Mexican Pato O’ward
81%
Mercedes Danish Frederick Vesti
71%
Alpine Estonian Paul Aron
71%
Ferrari Italian Antonio Giovinazzi
68%
Aston Martin Brazilian Felipe Drugovich
68%
Red Bull Japanese Ayumu Iwasa
65%
RB Japanese Ayumu Iwasa
65%
Alpine Indian Kush Maini
61%
Mercedes German Mick Schumacher
61%
Aston Martin Belgian Stoffel Vandoorne
48%
Red Bull Spanish Pepe Marti
45%
RB Spanish Pepe Marti
45%
Haas Brazilian Pietro Fittipaldi
35%
Haas Japanese Ryo Hirakawa
32%
Williams French Victor Martins
26%
No matching quizzes found
Score Distribution
Percent of People with Each Score
Percentile by Number Answered
Your Score History
You have not taken this quiz since the last reset